|
ห้องสมุด วิทยาลัยพยาบาลบรมราชชนนี อุดรธานี
Boromarajonani College of Nursing, Udonthani
|


|
mysqli: Table './ulib2015/stat_globaluid' is marked as crashed and last (automatic?) repair failed
select id from stat_globaluid where statuid='20260419125257_2100'
mysqli: Table './ulib2015/stat_globaluid' is marked as crashed and last (automatic?) repair failed
DELETE FROM stat_globaluid
WHERE id NOT IN (
SELECT id
FROM (
SELECT id
FROM stat_globaluid
ORDER BY id DESC
LIMIT 100
) foo
);
mysqli: Table './ulib2015/stat_globaluid' is marked as crashed and last (automatic?) repair failed
insert into stat_globaluid set
statuid='20260419125257_2100',
dt='1776577977',
phpself='/ULIB/dublinfull.php',
agent='Mozilla/5.0 AppleWebKit/537.36 (KHTML, like Gecko; compatible; ClaudeBot/1.0; +claudebot@anthropic.com)',
yea='2026',
mon='4',
dat='19',
ip='216.73.216.142'
| LEADER 00674nam 2200229 a 4500 |
| 001 12167 |
| 003 ULIBM |
| 008 040811s2528 th m a001 0 tha d |
| 050 4 ^aBF^bย842พ 2528
|
| 245 ^a ^a1111 |
| 250 ^aพิมพ์ครั้งที่ 1.
|
| 300 ^a 307 หน้า.
|
| 650 7 ^aพลวัตกลุ่ม
|
| 945 ^p0^l0^i3078
|
| 945 ^p0^l0^i3454
|
| 945 ^p0^l0^i4642
|
| 945 ^p0^l0^i4643
|
| 945 ^p0^l0^i7640 |
| 999 ^aลิขิตลักษณ์
|
| คุณยังไม่ได้ล็อกอิน คุณสามารถมีกิจกรรมร่วมกับเว็บไซต์ได้ แต่ต้องล็อกอินก่อน :: |
|
| ลำดับที่ |
ประเภท |
เลขเรียก/บาร์โค้ด |
สถานที่ |
สถานะ |
| 1. |
 หนังสือภาษาไทย | BF ย842พ 2528 Barcode: 3078 | หนังสือทั่วไป | On Shelf |
| 2. |
 หนังสือภาษาไทย | BF ย842พ 2528 ฉ.2 Barcode: 3454 | หนังสือทั่วไป | On Shelf |
| 3. |
 หนังสือภาษาไทย | BF ย842พ 2528 ฉ.3 Barcode: 4642 | หนังสือทั่วไป | On Shelf |
| 4. |
 หนังสือภาษาไทย | BF ย842พ 2528 ฉ.4 Barcode: 4643 | หนังสือทั่วไป | On Shelf |
| 5. |
 หนังสือภาษาไทย | BF ย842พ 2528 ฉ.5 Barcode: 7640 | หนังสือทั่วไป | On Shelf |
| [แสดง 5/5 รายการ] |
mysqli: Can't create/write to file '/var/tmp/#sql_59d_0.MAI' (Errcode: 2)
select * from index_db where titl like '%พลวัตกลุ่ม/ โยธิน ศันสนยุทธ%' and mid<>'12167' order by rand() limit 3
mysqli: Can't create/write to file '/var/tmp/#sql_59d_0.MAI' (Errcode: 2)
select * from index_db where subj like '%พลวัตกลุ่ม%' and mid<>'12167' order by rand() limit 3
|
ยังไม่เคยถูกคอมเมนท์
|
| คอมเมนท์ทรัพยากรรายการนี้ |
|